| 000 | 00660nam a2200205 u 4500 | ||
|---|---|---|---|
| 005 | 20241203063747.0 | ||
| 008 | 100628s2006 mx r 000 0 spa d | ||
| 020 | _a9705775258 | ||
| 035 | _aUPN01000177008 | ||
| 049 | _aF | ||
| 050 | 4 |
_aHQ784 W3 _bA5.6 |
|
| 100 | 1 |
_aAndrieu, Philippe _936084 |
|
| 245 | 1 | 1 |
_a¿Por qué existe la guerra? : _bexplicación y funcionamiento de la guerra / _cPhilippe Andrieu ; cuento de Patrice Favaro ; il. Tchikioto. |
| 260 |
_aMéxico : _bLibros del escarabajo, _c2006. |
||
| 300 |
_a45 p. : _bil. col. |
||
| 440 | 0 | _aSociedad | |
| 650 | 4 |
_aNIÑOS Y GUERRA _912695 |
|
| 650 | 4 |
_aGuerra y sociedad _911311 |
|
| 905 | _aLibro | ||
| 999 |
_c149111 _d149111 |
||